| 000 | 00495cam a2200181 a 4500 | ||
|---|---|---|---|
| 020 | _a0789701006 : | ||
| 040 | _cTER | ||
| 082 | 0 | 0 | _a005 QUE 1995 A004 Or. |
| 100 | 1 | _aTackett, Jack, | |
| 245 | 1 | 0 | _aUsing Linux / |
| 250 | _aSpecial ed. | ||
| 260 |
_aIndianapolis, IN : _bQue Corp., _cc1995. |
||
| 300 |
_axxvi, 861 p. ; _c23 cm. + _e1 computer laser optical disc (4 3/4 in.) |
||
| 650 | 0 | _aOperating systems (Computers) | |
| 700 | 1 | _aGunter, David. | |
| 700 | 1 | _aBrown, Lance | |
| 942 | _cEK | ||
| 999 |
_c16387 _d16387 |
||